000 00523nam a2200169Ia 4500
008 090711s9999 xx 000 0 und d
082 _b1357
100 _aशेवते अरुण (संपा.)
245 _aमैत्र जीवाSो
260 _c1997
300 _a208
600 _aशेवते अरुण (संपा.)
630 _aमैत्र जीवाSो
700 _aशेवते अरुण (संपा.)
730 _aमैत्र जीवाSो
942 _cBOOK
999 _c334229
_d334229